000 00866nam a2200253 a 4500
005 20200104041524.0
008 140121b2000 ck ||||| |||| 00| 0 spa d
041 _aspa
090 _aIAvH
_b00142
100 _aMárquez Reyes, Cesar
_927692
110 _bInstituto de Investigación de Recursos Biológicos Alexander von Humboldt
_9204
245 _aInventario y caracterización de la comunidad de aves rapaces en el Piedemonte y páramo
260 _aBogotá
_bInstituto Alexander von Humboldt
_c2000
300 _a73 p.
650 _aInventarios
_992201
650 _aAves
_927695
650 _aCaracterización biológica
_92833
650 _aEcología de comunidades
_93558
650 _aAves rapaces
_927696
650 _aPáramo
_927697
650 _aConservación de biodiversidad
_9345
662 _aColombia
_bValle del Cauca
942 _cINFORME
_05
_2z
999 _c1785
_d1785